00683nam a22002057a 4500003000900000008004100009040007100050082002000121100002500141245002400166260002700190300002800217440002700245505009800272650002300370650002300393650001600416650002200432650002300454AR-CdUCM190225b ||||| |||| 00| 0 spa d aMUNICIPALIDAD PROVINCIAL DEL CUSCOcBIBLIOTECA MUNICIPAL DEL CUSCO a869.568 /bAR71 aArguedas, Jose Maria aTodas las sangres / aLima :bPeisa ,c1973. a289 páginas ;c18 cm. aBiblioteca Peruanan11 aContenido: Tomo I: capítulo I al capítulo VII Tomo II: capítulo VII al capítulo XIV. aRealidad nacional. aPluriculturalidad. aMestizaje.  aNarrativa peruana aNovela indigenista